Statistics for Celtics players

Click here to take the quiz!

General Stats

  • This quiz has been taken 8 times
  • The average score is 21 of 50

Answer Stats

Players% Correct
Al Horford
100%
Bill Russell
100%
Derrick White
100%
Jaylen Brown
100%
Jayson Tatum
100%
Kevin Mchale
100%
Larry Bird
100%
Ray Allen
100%
Bob Cousy
86%
Grant Williams
86%
Kevin Garnett
86%
Marcus Smart
86%
Robert Williams
86%
Isaiah Thomas
71%
Kemba Walker
71%
Rajon Rondo
71%
Dave Cowens
57%
Gordon Heyward
57%
Robert Parish
57%
Sam Jones
57%
Kyrie Irving
43%
Malcolm Brogdon
43%
Payton Pritchard
43%
Shaquille O'neal
43%
Blake Griffin
29%
JD Davison
29%
Luke Kornet
29%
Paul Peirce
29%
Sam Hauser
29%
Terry Rozier
29%
Daneil Theis
14%
Danilo Gallinari
14%
Jae Crowder
14%
John Havlicheck
14%
Mike Muscala
14%
Tacko Fall
14%
Aron Baynes
0%
Avery Bradley
0%
Bruno Fernando
0%
Dennis Schröder
0%
Evan Turner
0%
Jabari Parker
0%
Justin Champagnie
0%
Kelly Olynyk
0%
Malik Fitts
0%
Marcus Morris
0%
Matt Ryan
0%
Mfiondu Kabengele
0%
PJ Dozier
0%
Trisan Thompson
0%

Score Distribution

Percentile by Number Answered

Percent of People with Each Score

Your Score History

You have not taken this quiz